| 000 | 01184nam a2200325 a 4500 | ||
|---|---|---|---|
| 001 | 25282 | ||
| 003 | CO-ViMGA | ||
| 008 | 141112s2004 ck r 000 u spa d | ||
| 015 | _ack - 2007 - xxxx | ||
| 020 | _a9789586827423 | ||
| 040 |
_aCO-ViMGA _bspa _cCO-ViMGA |
||
| 082 | 0 | 4 | _a153.93 P66 |
| 100 | 1 |
_aPonce Martínez, Lidia _938541 |
|
| 245 | 1 | 0 |
_aTests psicotécnicos / _cLidia Ponce Martínez ; colaborador José Luis Díaz Galán. |
| 250 | _a1a. ed. | ||
| 260 |
_aBogotá : _bAlfaomega, _c2007 |
||
| 300 | _a419 p. : il. ; 24 cm. | ||
| 505 | _aInteligencia general, comprensión verbal, cálculo numérico, factor espacial, razonamiento abstracto, atención - clasificación, memoria, inteligencia mecánica, test ómnibus. | ||
| 596 | _a5 7 | ||
| 650 | 1 | 4 |
_aPruebas de aptitud _938542 |
| 650 | 1 | 4 |
_aPruebas psicologicas _927198 |
| 650 | 1 | 4 |
_aPruebas psicológicas _927198 |
| 650 | 1 | 4 |
_aPruebas psicotécnicas _938543 |
| 700 | 1 |
_aGarcia Nuñez, Francisco Javier _938544 |
|
| 700 | 1 |
_aGil Cruces, Beatriz _938545 |
|
| 700 | 1 |
_aMartín Serrano, María Paz _938546 |
|
| 700 | 1 |
_aRodriguez Noguer, Miguel _938547 |
|
| 917 | _a6075 20070831 | ||
| 942 |
_2ddc _cBK |
||
| 999 |
_c10527 _d10527 |
||